| 000 | 00749nam a2200205Ia 4500 | ||
|---|---|---|---|
| 001 | 11325 | ||
| 003 | GE_BSU | ||
| 008 | 181216s||||||||xx |||||||||||||| ||und|| | ||
| 040 | _cGE_BSU | ||
| 080 | _a581.9(479.22) | ||
| 100 | _aქვაჩაკიძე რევაზ | ||
| 245 | _aსაქართველოს ბუნებრივი მცენარეული რესურსები | ||
| 260 | _aთბილისი | ||
| 260 | _bმეცნიერება | ||
| 260 | _c2003 | ||
| 300 | _a129გვ.20სმ. | ||
| 300 | _eსაძიებელი გვ. 117 | ||
| 653 | _aსაქართველოს ბუნებრივი მცენარეული რესურსები | ||
| 942 | _cBK | ||
| 999 |
_c44522 _d44522 |
||